[Event "Florianopolis op 3rd"]
[Site "Florianopolis"]
[Date "2017.01.25"]
[Round "9"]
[White "Lopes, Marcelo Ferreira"]
[Black "Correa, Ariane Miranda"]
[Result "1-0"]
[WhiteElo "2013"]
[BlackElo "1830"]
[PlyCount "83"]
[EventDate "2017.01.20"]
[EventType "swiss"]
[EventRounds "10"]
[EventCountry "BRA"]
[SourceTitle "CBM 176 Extra"]
[Source "ChessBase"]
[SourceDate "2017.03.02"]
[SourceVersion "1"]
[SourceVersionDate "2017.03.02"]
[SourceQuality "1"]

1. e4 c5 2. Nf3 d6 3. Bb5+ Bd7 4. Bxd7+ Qxd7 5. 0-0 Nf6 6. Qe2 Nc6 7. c3 e6 8. d4 cxd4 9. cxd4 d5 10. e5 Ne4 11. Be3 Be7 12. Ne1 h6 13. f3 Ng5 14. Nc3 Bb4 15. Nd3 Bxc3 16. bxc3 b6 17. h4 Nh7 18. f4 Rc8 19. Qg4 g6 20. h5 Ne7 21. hxg6 fxg6 22. Bd2 h5 23. Qg3 Rg8 24. a4 Nf5 25. Qf3 Nf8 26. a5 Qb7 27. Rfb1 Nd7 28. axb6 axb6 29. Rb5 Ra8 30. Rab1 Ra2 31. Be1 Kf7 32. Nc5 Nxc5 33. dxc5 Qc6 34. Rxb6 Qxc5+ 35. Bf2 Qa3 36. Rb7+ Ne7 37. Ra7 Rxf2 38. Qxf2 Qxc3 39. Rd7 Rg7 40. Qa7 Ke8 41. Rb8+ Qc8 42. Rxc8+ 1-0

[Event "Florianopolis op 3rd"]
[Site "Florianopolis"]
[Date "2017.01.23"]
[Round "5"]
[White "Sato, Claudio Takeshi"]
[Black "Correa, Ariane Miranda"]
[Result "0-1"]
[WhiteElo "1517"]
[BlackElo "1830"]
[PlyCount "123"]
[EventDate "2017.01.20"]
[EventType "swiss"]
[EventRounds "10"]
[EventCountry "BRA"]
[SourceTitle "CBM 176 Extra"]
[Source "ChessBase"]
[SourceDate "2017.03.02"]
[SourceVersion "1"]
[SourceVersionDate "2017.03.02"]
[SourceQuality "1"]

1. b3 e5 2. Bb2 Nc6 3. e3 Nf6 4. Bb5 Bd6 5. Na3 Na5 6. Be2 0-0 7. c4 Re8 8. Nc2 Nc6 9. d3 Bf8 10. e4 a5 11. a4 d6 12. Nf3 h6 13. 0-0 Nh7 14. Ne3 Ne7 15. Nd2 Ng6 16. g3 Bh3 17. Ng2 Qd7 18. Re1 f5 19. exf5 Bxf5 20. Ne3 Ng5 21. Nf3 Nh3+ 22. Kg2 Be6 23. Ng1 Be7 24. Bg4 Nxg1 25. Bxe6+ Qxe6 26. Kxg1 Rf8 27. Nd5 Qf5 28. Qe2 c6 29. Nxe7+ Nxe7 30. Rad1 Rae8 31. Rd2 Ng6 32. Qe4 Qg5 33. Red1 Rf4 34. Qg2 Rf7 35. d4 e4 36. Re2 d5 37. Rf1 Ref8 38. Ba3 Ne7 39. Bc1 Qg4 40. Rfe1 Rf3 41. Be3 Qe6 42. Rc1 Nf5 43. cxd5 Qxd5 44. Rb1 Nxd4 45. Bxd4 Qxd4 46. Rbe1 Rxb3 47. Rxe4 Qd5 48. Qh3 Rb2 49. f4 Ra2 50. g4 Qc5+ 51. Kh1 Qf2 52. f5 Qb2 53. Qg3 Ra3 54. Qg1 c5 55. Qxc5 Ra1 56. Qc4+ Kh8 57. Qf1 Rxe1 58. Qxe1 Qb6 59. Re8 Qc6+ 60. Re4 Re8 61. Qd2 Qxe4+ 62. Kg1 0-1

[Event "Florianopolis op 3rd"]
[Site "Florianopolis"]
[Date "2017.01.22"]
[Round "4"]
[White "Correa, Ariane Miranda"]
[Black "Souza, Rafael Cabral de"]
[Result "0-1"]
[WhiteElo "1830"]
[BlackElo "2156"]
[PlyCount "60"]
[EventDate "2017.01.20"]
[EventType "swiss"]
[EventRounds "10"]
[EventCountry "BRA"]
[SourceTitle "CBM 176 Extra"]
[Source "ChessBase"]
[SourceDate "2017.03.02"]
[SourceVersion "1"]
[SourceVersionDate "2017.03.02"]
[SourceQuality "1"]

1. e4 c5 2. Nf3 Nc6 3. d4 cxd4 4. Nxd4 g6 5. Nc3 Bg7 6. Be3 Nf6 7. Bc4 Qa5 8. Bb3 Nxe4 9. Qd3 Nxc3 10. bxc3 0-0 11. 0-0 Ne5 12. Qd2 b6 13. Bg5 Re8 14. Rfe1 e6 15. Qe3 Bb7 16. h4 Rac8 17. Bf4 Rxc3 18. Qe2 Ba6 19. Qd1 Nd3 20. Nxe6 dxe6 21. cxd3 Rxd3 22. Qg4 Bxa1 23. Rxa1 Rxb3 24. Bh6 Qb4 25. Qg5 Rb1+ 26. Rxb1 Qxb1+ 27. Kh2 Qf5 28. Qd2 Qd5 29. Qc3 e5 30. Qc7 Bb7 0-1

[Event "Sao Paulo-B U2050 op 5th"]
[Site "Sao Paulo"]
[Date "2016.10.16"]
[Round "6.10"]
[White "Correa, Ariane Miranda"]
[Black "Vieira, Alexandre Letizio"]
[Result "1/2-1/2"]
[WhiteElo "1818"]
[BlackElo "1831"]
[PlyCount "33"]
[EventDate "2016.10.13"]
[EventType "swiss"]
[EventRounds "6"]
[EventCountry "BRA"]
[SourceTitle "EXT 2022"]
[Source "ChessBase"]
[SourceDate "2021.10.06"]
[SourceVersion "1"]
[SourceVersionDate "2021.10.06"]
[SourceQuality "1"]

1. e4 Nf6 2. Nc3 d5 3. exd5 Nxd5 4. Nxd5 Qxd5 5. d4 Nc6 6. c3 e5 7. dxe5 Qxd1+ 8. Kxd1 Nxe5 9. Bf4 Bd6 10. Be2 0-0 11. Nf3 Ng4 12. Bxd6 Rd8 13. Ke1 Rxd6 14. h3 Nf6 15. Rd1 Rxd1+ 16. Bxd1 Be6 17. a3 1/2-1/2

[Event "Caioba Telecom op"]
[Site "Caioba"]
[Date "2016.08.26"]
[Round "1"]
[White "El Debs, Felipe de Cresce"]
[Black "Correa, Ariane Miranda"]
[Result "1-0"]
[WhiteElo "2521"]
[BlackElo "1811"]
[PlyCount "71"]
[EventDate "2016.08.26"]
[EventType "swiss"]
[EventRounds "6"]
[EventCountry "BRA"]
[SourceTitle "CBM 174 Extra"]
[Source "ChessBase"]
[SourceDate "2016.10.10"]
[SourceVersion "1"]
[SourceVersionDate "2016.10.10"]
[SourceQuality "1"]

1. e4 c5 2. Nf3 d6 3. Bb5+ Bd7 4. Bxd7+ Qxd7 5. c4 Nc6 6. d4 cxd4 7. Nxd4 Nf6 8. Nc3 e6 9. 0-0 Be7 10. Be3 0-0 11. Qe2 Rac8 12. Rad1 a6 13. f4 Qc7 14. b3 Qa5 15. Nxc6 Rxc6 16. Bd4 Rd8 17. Kh1 b5 18. e5 Ne8 19. cxb5 Rxc3 20. Qe1 Rdc8 21. Rf3 dxe5 22. Bxc3 Qxa2 23. bxa6 Qxa6 24. Qxe5 Bf6 25. Qe1 h6 26. h3 Qa2 27. Ra1 Qc2 28. Rc1 Qf5 29. Bxf6 Rxc1 30. Qxc1 Nxf6 31. Rc3 g6 32. Qe3 Qb1+ 33. Rc1 Qf5 34. Qe5 Qxe5 35. fxe5 Nd5 36. Rc8+ 1-0

[Event "Florianopolis op 2nd"]
[Site "Florianopolis"]
[Date "2016.01.19"]
[Round "5"]
[White "Pereira, Geanfrancesco"]
[Black "Correa, Ariane Miranda"]
[Result "1/2-1/2"]
[WhiteElo "2028"]
[BlackElo "1802"]
[PlyCount "79"]
[EventDate "2016.01.16"]
[EventType "swiss"]
[EventRounds "10"]
[EventCountry "BRA"]
[SourceTitle "CBM 170 Extra"]
[Source "ChessBase"]
[SourceDate "2016.02.25"]
[SourceVersion "1"]
[SourceVersionDate "2016.02.25"]
[SourceQuality "1"]

1. e4 c5 2. Nf3 d6 3. Nc3 Nf6 4. a4 g6 5. Bc4 Bg7 6. d4 cxd4 7. Nxd4 0-0 8. 0-0 a6 9. Bg5 Qc7 10. Bb3 Nbd7 11. Qd2 Nc5 12. Bxf6 Nxb3 13. Nxb3 exf6 14. Nd5 Qd8 15. a5 f5 16. Rae1 fxe4 17. Rxe4 Be6 18. Nb6 Bxb3 19. Nxa8 Be6 20. Nb6 Bxb2 21. c3 Ba3 22. Nd5 Bc5 23. Rb1 Qxa5 24. Ne7+ Kg7 25. Qb2 d5 26. Nxd5 Bxf2+ 27. Qxf2 Qxd5 28. Rd4 Qc6 29. Qd2 Rc8 30. Rd6 Qxc3 31. Qxc3+ Rxc3 32. Rxb7 Rc1+ 33. Kf2 Kf6 34. Rxa6 Rc2+ 35. Kg3 Rc3+ 36. Kf4 Rc4+ 37. Ke3 Rc2 38. Kf3 Rc3+ 39. Ke4 Rc2 40. Kf3 1/2-1/2

[Event "Florianopolis op 2nd"]
[Site "Florianopolis"]
[Date "2016.01.17"]
[Round "2"]
[White "Correa, Ariane Miranda"]
[Black "Costa, Thiago Constantino"]
[Result "1-0"]
[WhiteElo "1802"]
[BlackElo "1473"]
[PlyCount "54"]
[EventDate "2016.01.16"]
[EventType "swiss"]
[EventRounds "10"]
[EventCountry "BRA"]
[SourceTitle "CBM 170 Extra"]
[Source "ChessBase"]
[SourceDate "2016.02.25"]
[SourceVersion "1"]
[SourceVersionDate "2016.02.25"]
[SourceQuality "1"]

1. e4 e5 2. Nf3 Nc6 3. Bb5 Nf6 4. 0-0 Nxe4 5. Re1 Nd6 6. Bxc6 dxc6 7. Nxe5 Be7 8. Qe2 Be6 9. d3 Bd7 10. Nc3 Kf8 11. a4 Bf6 12. Bf4 Be6 13. a5 a6 14. Rad1 g5 15. Bc1 Kg7 16. d4 h5 17. d5 cxd5 18. Nxd5 Bxd5 19. Rxd5 h4 20. Qg4 Re8 21. f4 Bxe5 22. Rdxe5 Rxe5 23. fxe5 f5 24. exf6+ Qxf6 25. Bxg5 Qg6 26. Bf6+ Kh6 27. Qxh4+ Qh5 1-0

[Event "Florianopolis op 2nd"]
[Site "Florianopolis"]
[Date "2016.01.17"]
[Round "3"]
[White "Fonseca, Luis Ernesto Serra"]
[Black "Correa, Ariane Miranda"]
[Result "0-1"]
[WhiteElo "2033"]
[BlackElo "1802"]
[PlyCount "65"]
[EventDate "2016.01.16"]
[EventType "swiss"]
[EventRounds "10"]
[EventCountry "BRA"]
[SourceTitle "CBM 170 Extra"]
[Source "ChessBase"]
[SourceDate "2016.02.25"]
[SourceVersion "1"]
[SourceVersionDate "2016.02.25"]
[SourceQuality "1"]

1. e4 c5 2. Nf3 d6 3. Bc4 Nf6 4. d3 Nc6 5. h3 g6 6. 0-0 Bg7 7. Nh4 0-0 8. f4 a6 9. f5 b5 10. Bb3 Nd4 11. Nc3 Nxb3 12. axb3 Bb7 13. Be3 b4 14. Ne2 Nd7 15. Qc1 d5 16. exd5 Bxd5 17. Bh6 e6 18. f6 Bxh6 19. Qxh6 Nxf6 20. Rf4 Nh5 21. Rg4 Ng7 22. Rf1 f5 23. Rg5 Ra7 24. Nf4 Qf6 25. Nhxg6 hxg6 26. Rxg6 Qd4+ 27. Kh1 Qe3 28. Rg5 Qd4 29. Ng6 Re8 30. Rf4 Qxb2 31. d4 cxd4 32. Qh8+ Kf7 33. Ne5+ 0-1

[Event "Goiania Goias Cup"]
[Site "Goiania"]
[Date "2015.09.27"]
[Round "5"]
[White "Froes, Leonardo Sanches"]
[Black "Correa, Ariane Miranda"]
[Result "1-0"]
[WhiteElo "1989"]
[BlackElo "1790"]
[PlyCount "91"]
[EventDate "2015.09.25"]
[EventType "swiss"]
[EventRounds "6"]
[EventCountry "BRA"]
[SourceTitle "EXT 2016"]
[Source "ChessBase"]
[SourceDate "2015.10.08"]
[SourceVersion "1"]
[SourceVersionDate "2015.10.08"]
[SourceQuality "1"]

1. d4 d5 2. c4 e6 3. Nc3 c6 4. e3 Nf6 5. Nf3 Nbd7 6. Qc2 Bd6 7. b3 0-0 8. Be2 Re8 9. Bb2 a6 10. 0-0 e5 11. cxd5 Nxd5 12. Nxd5 cxd5 13. dxe5 Nxe5 14. Rfd1 Ng6 15. h3 Be6 16. Qc3 Bf8 17. Nd4 Rc8 18. Qd2 Nh4 19. Nf3 Ng6 20. Rac1 Be7 21. Bf1 Qd6 22. g3 Qd7 23. Kh2 h5 24. h4 Qd6 25. Kg1 Qd7 26. Bg2 Rcd8 27. Ne5 Nxe5 28. Bxe5 Bd6 29. Bxd6 Qxd6 30. Bf3 g6 31. Qd4 Qa3 32. Rc2 Rd7 33. Rcd2 Rc8 34. Kg2 Rc1 35. Rxc1 Qxc1 36. Kh2 Qf1 37. Rc2 Rd8 38. Qb6 Rd7 39. Bg2 Qd3 40. Rc8+ Kh7 41. Qb4 Kg7 42. Qf8+ Kf6 43. Qh8+ Kf5 44. Bh3+ Ke4 45. Qf6 d4 46. Bg2# 1-0

[Event "Goiania Goias Cup"]
[Site "Goiania"]
[Date "2015.09.26"]
[Round "4"]
[White "Correa, Ariane Miranda"]
[Black "Santos, Luciano da Silva"]
[Result "1-0"]
[WhiteElo "1790"]
[BlackElo "1895"]
[PlyCount "63"]
[EventDate "2015.09.25"]
[EventType "swiss"]
[EventRounds "6"]
[EventCountry "BRA"]
[SourceTitle "EXT 2016"]
[Source "ChessBase"]
[SourceDate "2015.10.08"]
[SourceVersion "1"]
[SourceVersionDate "2015.10.08"]
[SourceQuality "1"]

1. e4 c5 2. Nc3 Nc6 3. g3 g6 4. Bg2 Bg7 5. f4 d6 6. d3 e5 7. Nh3 Nge7 8. 0-0 0-0 9. Be3 b6 10. Qd2 f5 11. fxe5 dxe5 12. Bh6 Rb8 13. Rf2 Nd4 14. Raf1 Qd6 15. exf5 gxf5 16. Bxg7 Kxg7 17. Qg5+ Ng6 18. Qh5 h6 19. Nd5 Be6 20. Ne3 f4 21. gxf4 exf4 22. Ng4 Bxg4 23. Qxg4 Ne6 24. Be4 Rf6 25. Rg2 Nef8 26. Nxf4 Kh7 27. Rgf2 Kg8 28. Nxg6 Rxf2 29. Ne7+ Kf7 30. Rxf2+ Kxe7 31. Qg7+ Ke8 32. Bc6+ 1-0

[Event "Sao Paulo op-B 3rd"]
[Site "Sao Paulo"]
[Date "2015.09.18"]
[Round "2"]
[White "Boabaid, Jorge Alberto Duard"]
[Black "Correa, Ariane Miranda"]
[Result "1-0"]
[WhiteElo "1904"]
[BlackElo "1790"]
[PlyCount "53"]
[EventDate "2015.09.17"]
[EventType "swiss"]
[EventRounds "6"]
[EventCountry "BRA"]
[SourceTitle "EXT 2016"]
[Source "ChessBase"]
[SourceDate "2015.10.08"]
[SourceVersion "1"]
[SourceVersionDate "2015.10.08"]
[SourceQuality "1"]

1. e4 c5 2. Nf3 d6 3. d4 cxd4 4. Nxd4 Nf6 5. Nc3 g6 6. Be3 Bg7 7. f3 0-0 8. Qd2 Nc6 9. Bc4 Bd7 10. 0-0-0 Rc8 11. Bb3 Ne5 12. h4 h5 13. Bh6 Bxh6 14. Qxh6 Rxc3 15. bxc3 a5 16. f4 Neg4 17. Qxg6+ Kh8 18. Bxf7 Qc8 19. Rd3 Qc5 20. Ne6 Qa3+ 21. Kb1 Bxe6 22. Bxe6 b5 23. Rhh3 a4 24. Rd5 Nh7 25. Rxh5 Ngf6 26. Rxh7+ Nxh7 27. Rg3 1-0

[Event "Matinhos Caioba-ch"]
[Site "Matinhos"]
[Date "2015.08.30"]
[Round "6"]
[White "Correa, Ariane Miranda"]
[Black "Chemin, Justo Reinaldo"]
[Result "0-1"]
[WhiteElo "1785"]
[BlackElo "2083"]
[PlyCount "110"]
[EventDate "2015.08.28"]
[EventType "swiss"]
[EventRounds "6"]
[EventCountry "BRA"]
[SourceTitle "EXT 2016"]
[Source "ChessBase"]
[SourceDate "2015.10.08"]
[SourceVersion "1"]
[SourceVersionDate "2015.10.08"]
[SourceQuality "1"]

1. e4 e5 2. Nf3 Nc6 3. d4 exd4 4. Bc4 Bc5 5. c3 d3 6. Qxd3 d6 7. 0-0 Nf6 8. Be3 Bxe3 9. Qxe3 0-0 10. Nbd2 Qe7 11. Rfe1 Re8 12. h3 Ne5 13. Nxe5 dxe5 14. Nf3 h6 15. Rad1 Nh5 16. Rd2 Nf4 17. Red1 Qf6 18. Kh2 g5 19. Ng1 Ne6 20. g3 Kg7 21. Qf3 Qxf3 22. Nxf3 Nc5 23. Rd8 Re7 24. Re1 Na4 25. Re2 Nb6 26. Bb3 a5 27. a3 a4 28. Ba2 Ra5 29. Red2 Rb5 30. Ne1 Be6 31. Bxe6 Rxe6 32. Nd3 Nc4 33. Re2 Reb6 34. Rc8 Nxb2 35. Nb4 Nc4 36. Rxc7 Nxa3 37. Ra2 Nb1 38. Rxa4 Nxc3 39. Rxc3 Rxb4 40. Rc4 Rxa4 41. Rxa4 Rb2 42. Kg2 h5 43. Ra5 Kf6 44. Rd5 b5 45. Rd6+ Kg7 46. Rd5 f6 47. Rd7+ Kg6 48. Rd8 b4 49. Rg8+ Kf7 50. Rh8 b3 51. Rxh5 Kg7 52. h4 g4 53. Rf5 Rc2 54. h5 b2 55. h6+ Kh7 0-1

[Event "Matinhos Caioba-ch"]
[Site "Matinhos"]
[Date "2015.08.29"]
[Round "4"]
[White "Albizzati, Alexandre Couto"]
[Black "Correa, Ariane Miranda"]
[Result "0-1"]
[WhiteElo "1832"]
[BlackElo "1785"]
[PlyCount "50"]
[EventDate "2015.08.28"]
[EventType "swiss"]
[EventRounds "6"]
[EventCountry "BRA"]
[SourceTitle "EXT 2016"]
[Source "ChessBase"]
[SourceDate "2015.10.08"]
[SourceVersion "1"]
[SourceVersionDate "2015.10.08"]
[SourceQuality "1"]

1. e4 c5 2. Nf3 d6 3. d4 cxd4 4. Nxd4 Nf6 5. Nc3 g6 6. Be2 Bg7 7. 0-0 0-0 8. Be3 Nc6 9. Qd2 Bd7 10. Rad1 Rc8 11. f3 Ne5 12. Kh1 Nc4 13. Bxc4 Rxc4 14. Bh6 Rxd4 15. Qxd4 Bxh6 16. Qxa7 Qc7 17. Rf2 Rc8 18. Rd3 b5 19. Qa3 Qb6 20. Nd1 Be6 21. e5 b4 22. Qa4 dxe5 23. Re2 Bc4 24. Rxe5 Bxd3 25. cxd3 Qd6 0-1

[Event "Matinhos Caioba-ch"]
[Site "Matinhos"]
[Date "2015.08.28"]
[Round "1"]
[White "Pires, Marcos Vinicius Tor"]
[Black "Correa, Ariane Miranda"]
[Result "1-0"]
[WhiteElo "2241"]
[BlackElo "1785"]
[PlyCount "41"]
[EventDate "2015.08.28"]
[EventType "swiss"]
[EventRounds "6"]
[EventCountry "BRA"]
[SourceTitle "EXT 2016"]
[Source "ChessBase"]
[SourceDate "2015.10.08"]
[SourceVersion "1"]
[SourceVersionDate "2015.10.08"]
[SourceQuality "1"]

1. Nf3 c5 2. c4 Nf6 3. Nc3 Nc6 4. g3 a6 5. Bg2 e6 6. 0-0 Be7 7. d4 cxd4 8. Nxd4 0-0 9. b3 Qc7 10. Bb2 Rd8 11. Rc1 b6 12. Nd5 exd5 13. cxd5 Bc5 14. e3 Nxd4 15. exd4 Bb7 16. dxc5 bxc5 17. Bxf6 gxf6 18. Qg4+ Kh8 19. d6 Qb6 20. Bxb7 Qxb7 21. Qf5 1-0

[Event "Cordeiropolis Freitas Levy Memorial"]
[Site "Cordeiropolis"]
[Date "2015.05.24"]
[Round "6"]
[White "Correa, Ariane Miranda"]
[Black "Correia, Vitor Paie"]
[Result "1-0"]
[WhiteElo "1790"]
[BlackElo "1514"]
[PlyCount "53"]
[EventDate "2015.05.22"]
[EventType "swiss"]
[EventRounds "6"]
[EventCountry "BRA"]
[SourceTitle "CBM 166 Extra"]
[Source "ChessBase"]
[SourceDate "2015.06.18"]
[SourceVersion "1"]
[SourceVersionDate "2015.06.18"]
[SourceQuality "1"]

1. e4 c6 2. d4 d5 3. exd5 cxd5 4. Bd3 Nc6 5. c3 e6 6. Bf4 Bd6 7. Bxd6 Qxd6 8. Nf3 Nf6 9. Nbd2 0-0 10. 0-0 Bd7 11. Qe1 Rfe8 12. Ne5 Bc8 13. f4 Qe7 14. Ndf3 h6 15. g4 Nxe5 16. Nxe5 Nd7 17. Kh1 Nxe5 18. dxe5 Bd7 19. b4 Rac8 20. Qg3 f6 21. Bc2 fxe5 22. fxe5 Qg5 23. Qd3 g6 24. Rf6 Kh8 25. Rxg6 Qh4 26. Rg8+ Kxg8 27. Qh7+ 1-0

[Event "Cordeiropolis Freitas Levy Memorial"]
[Site "Cordeiropolis"]
[Date "2015.05.23"]
[Round "3"]
[White "Rodrigues, Nei Jorge"]
[Black "Correa, Ariane Miranda"]
[Result "1-0"]
[WhiteElo "2038"]
[BlackElo "1790"]
[PlyCount "41"]
[EventDate "2015.05.22"]
[EventType "swiss"]
[EventRounds "6"]
[EventCountry "BRA"]
[SourceTitle "CBM 166 Extra"]
[Source "ChessBase"]
[SourceDate "2015.06.18"]
[SourceVersion "1"]
[SourceVersionDate "2015.06.18"]
[SourceQuality "1"]

1. d4 d5 2. c4 e5 3. dxe5 d4 4. a3 a5 5. Nf3 Nc6 6. Bf4 Nge7 7. Nbd2 Ng6 8. Bg3 a4 9. Qc2 Bg4 10. 0-0-0 Qd7 11. h4 Ra5 12. h5 Bf5 13. e4 dxe3 14. Ne4 Qe7 15. hxg6 Bxg6 16. Bd3 f5 17. exf6 gxf6 18. Nxf6+ Qxf6 19. Bxg6+ hxg6 20. Rxh8 Qxh8 21. Qxg6+ 1-0

[Event "Campinas Fazer op"]
[Site "Campinas"]
[Date "2015.03.22"]
[Round "5"]
[White "Rodrigues, Leonardo De Miranda"]
[Black "Correa, Ariane Miranda"]
[Result "1-0"]
[WhiteElo "2134"]
[BlackElo "1792"]
[PlyCount "59"]
[EventDate "2015.03.20"]
[EventType "swiss"]
[EventRounds "6"]
[EventCountry "BRA"]
[SourceTitle "EXT 2018"]
[Source "ChessBase"]
[SourceDate "2017.10.13"]
[SourceVersion "1"]
[SourceVersionDate "2017.10.13"]
[SourceQuality "1"]

1. e4 c5 2. Nf3 Nc6 3. d4 cxd4 4. Nxd4 d6 5. Nc3 g6 6. Be3 Bg7 7. Be2 Nf6 8. 0-0 0-0 9. Nb3 Be6 10. f4 Na5 11. Bd4 Bc4 12. Re1 Rc8 13. Bf3 a6 14. Qd2 b5 15. Qf2 Nc6 16. Bb6 Qd7 17. Rad1 b4 18. Nd5 Ng4 19. Qg3 Bxb3 20. Bxg4 e6 21. Qxb3 Qb7 22. Bf2 f5 23. exf5 gxf5 24. Rxe6 fxg4 25. Ne7+ Kh8 26. Nxc8 Qxc8 27. Rdxd6 Nd8 28. Re7 Qf5 29. Rxg7 Qxf4 30. Rg8+ 1-0

[Event "Campinas Fazer op"]
[Site "Campinas"]
[Date "2015.03.20"]
[Round "1"]
[White "Correa, Ariane Miranda"]
[Black "Languidey, Simon Alejandro"]
[Result "0-1"]
[WhiteElo "1792"]
[BlackElo "2329"]
[PlyCount "42"]
[EventDate "2015.03.20"]
[EventType "swiss"]
[EventRounds "6"]
[EventCountry "BRA"]
[SourceTitle "EXT 2018"]
[Source "ChessBase"]
[SourceDate "2017.10.13"]
[SourceVersion "1"]
[SourceVersionDate "2017.10.13"]
[SourceQuality "1"]

1. e4 e6 2. d4 d5 3. Nc3 Bb4 4. e5 c5 5. a3 Ba5 6. b4 cxd4 7. Nb5 Bc7 8. f4 Nc6 9. Qg4 g6 10. Nf3 a5 11. Nxc7+ Qxc7 12. b5 Nb4 13. axb4 Qc3+ 14. Kd1 Qxa1 15. Qh4 axb4 16. Bd3 b3 17. cxb3 Ra2 18. Nd2 Qc3 19. Bb1 Ra1 20. Qh3 Bd7 21. Qd3 Nh6 0-1

[Event "Sao Bernardo do Campo op"]
[Site "Sao Bernardo do Campo"]
[Date "2013.05.26"]
[Round "6.21"]
[White "Saito, Helio Tsutomu"]
[Black "Correa, Ariane Miranda"]
[Result "0-1"]
[WhiteElo "1639"]
[BlackElo "1779"]
[PlyCount "64"]
[EventDate "2013.05.24"]
[EventType "swiss"]
[EventRounds "6"]
[EventCountry "BRA"]
[SourceTitle "EXT 2022"]
[Source "ChessBase"]
[SourceDate "2021.10.06"]
[SourceVersion "1"]
[SourceVersionDate "2021.10.06"]
[SourceQuality "1"]

1. e4 c5 2. Nf3 d6 3. d4 cxd4 4. Nxd4 Nf6 5. Nc3 g6 6. Bc4 Bg7 7. f3 Nc6 8. Be3 Bd7 9. Qd2 0-0 10. 0-0-0 Rc8 11. Bb3 Ne5 12. Bg5 Rc5 13. h4 h5 14. Qe2 a6 15. g4 b5 16. Bxf6 Bxf6 17. gxh5 gxh5 18. Nd5 e6 19. Nf4 Nc4 20. Nh3 Bxd4 21. Rxd4 Qf6 22. Rxc4 bxc4 23. Bxc4 Rb8 24. Rg1+ Kf8 25. Bb3 Ba4 26. Qd2 Ke7 27. Bxa4 Qxb2+ 28. Kd1 Rb4 29. c3 Qxd2+ 30. Kxd2 Rxa4 31. Rg7 Rxa2+ 32. Kd3 Kf8 0-1

[Event "Paulista-ch (Women)"]
[Site "Americana"]
[Date "2012.12.08"]
[Round "4"]
[White "Correa, Ariane Miranda"]
[Black "Dutra, Liliam Guedes"]
[Result "1-0"]
[WhiteElo "1794"]
[BlackElo "1768"]
[PlyCount "59"]
[EventDate "2012.12.07"]
[EventType "swiss"]
[EventRounds "5"]
[EventCountry "BRA"]
[SourceTitle "EXT 2014"]
[Source "ChessBase"]
[SourceDate "2013.11.20"]
[SourceVersion "1"]
[SourceVersionDate "2013.11.20"]
[SourceQuality "1"]

1. e4 d6 2. d4 Nd7 3. Nf3 c5 4. c3 a6 5. Bc4 cxd4 6. cxd4 e6 7. 0-0 Ngf6 8. Nc3 Be7 9. Bg5 Nb6 10. Bd3 Nfd7 11. Bxe7 Qxe7 12. Rc1 0-0 13. Qc2 e5 14. dxe5 Nxe5 15. Nxe5 dxe5 16. Nd5 Nxd5 17. exd5 g6 18. Qc7 Qg5 19. Kh1 Rd8 20. Bc4 Rd7 21. Qb6 Qe7 22. Rfe1 Rd6 23. Qe3 f6 24. f4 b5 25. fxe5 Qxe5 26. Qxe5 fxe5 27. Bb3 Bb7 28. Rxe5 Rf8 29. h3 Ba8 30. Rc7 1-0

[Event "Paulista-ch (Women)"]
[Site "Americana"]
[Date "2012.12.07"]
[Round "2"]
[White "Correa, Ariane Miranda"]
[Black "Coelho, Tatiane Cristina"]
[Result "0-1"]
[WhiteElo "1794"]
[BlackElo "1820"]
[PlyCount "64"]
[EventDate "2012.12.07"]
[EventType "swiss"]
[EventRounds "5"]
[EventCountry "BRA"]
[SourceTitle "EXT 2014"]
[Source "ChessBase"]
[SourceDate "2013.11.20"]
[SourceVersion "1"]
[SourceVersionDate "2013.11.20"]
[SourceQuality "1"]

1. e4 d5 2. exd5 Nf6 3. Nc3 Bg4 4. Nf3 Nxd5 5. Bb5+ c6 6. Nxd5 Qxd5 7. Be2 e5 8. d3 Nd7 9. h3 Bh5 10. Be3 Bd6 11. Qd2 0-0 12. 0-0-0 Qxa2 13. Qc3 a5 14. Qb3 Qxb3 15. cxb3 Rfd8 16. Kc2 f6 17. Ra1 Bf7 18. Nd2 Bc5 19. Nc4 Bb4 20. Bf3 Bd5 21. Bg4 Ra6 22. Bxd7 Rxd7 23. f3 Bf7 24. h4 Bg6 25. Rhd1 b5 26. Na3 Ra8 27. Rac1 Rd6 28. Kb1 Bxd3+ 29. Ka2 Rad8 30. Bb6 R8d7 31. Bc5 Rd5 32. Bf2 Bb1+ 0-1

[Event "Paulista-ch (Women)"]
[Site "Americana"]
[Date "2012.12.07"]
[Round "1"]
[White "Francelli, Derli"]
[Black "Correa, Ariane Miranda"]
[Result "1-0"]
[WhiteElo "1649"]
[BlackElo "1794"]
[PlyCount "121"]
[EventDate "2012.12.07"]
[EventType "swiss"]
[EventRounds "5"]
[EventCountry "BRA"]
[SourceTitle "EXT 2014"]
[Source "ChessBase"]
[SourceDate "2013.11.20"]
[SourceVersion "1"]
[SourceVersionDate "2013.11.20"]
[SourceQuality "1"]

1. d4 d5 2. c4 e5 3. e3 exd4 4. Qxd4 Nc6 5. Qxd5 Qxd5 6. cxd5 Nb4 7. Bb5+ Bd7 8. Bxd7+ Kxd7 9. Na3 Nxd5 10. b3 Bb4+ 11. Ke2 Rd8 12. Bb2 Ngf6 13. Nc4 Rhe8 14. Nh3 Kc8 15. Rhc1 Ne4 16. Kf1 f6 17. a3 Bc3 18. Bxc3 Nexc3 19. Ng1 Rd7 20. Ne2 Nxe2 21. Kxe2 Nf4+ 22. Kf3 Nd3 23. Rc3 Red8 24. Ke2 Nc5 25. Rac1 Ne4 26. R3c2 b5 27. Na5 Rd2+ 28. Kf3 Ng5+ 29. Kg3 R8d7 30. Nc6 Rxc2 31. Rxc2 Kb7 32. Na5+ Kb6 33. b4 c5 34. h4 cxb4 35. axb4 Ne4+ 36. Kf4 Nc5 37. Rxc5 a6 38. Rc6+ Ka7 39. Nb3 Kb7 40. Rxa6 Rc7 41. Re6 Rc2 42. Nc5+ Kc7 43. Kf3 f5 44. Re7+ Kc6 45. Rxg7 Rc4 46. Na6 Rxh4 47. Rf7 Kb6 48. Rf6+ Ka7 49. g3 Rc4 50. Nc5 Rxb4 51. Ra6+ Kb8 52. Rf6 Rb1 53. Rxf5 Kc7 54. Rf4 Kb6 55. Nd3 Ka5 56. e4 b4 57. e5 Rb3 58. Rd4 Rc3 59. e6 Rc6 60. e7 Rf6+ 61. Nf4 1-0

[Event "Sao Jose dos Campos op"]
[Site "Sao Jose dos Campos"]
[Date "2012.12.01"]
[Round "4"]
[White "Takeda, Lucas Koji"]
[Black "Correa, Ariane Miranda"]
[Result "1-0"]
[WhiteElo "1962"]
[BlackElo "1794"]
[PlyCount "43"]
[EventDate "2012.11.29"]
[EventType "swiss"]
[EventRounds "7"]
[EventCountry "BRA"]
[SourceTitle "EXT 2014"]
[Source "ChessBase"]
[SourceDate "2013.11.20"]
[SourceVersion "1"]
[SourceVersionDate "2013.11.20"]
[SourceQuality "1"]

1. d4 d5 2. Nf3 Nc6 3. c4 e5 4. dxe5 d4 5. Nbd2 Nge7 6. Nb3 Nf5 7. e4 dxe3 8. Qxd8+ Nxd8 9. fxe3 Bb4+ 10. Kf2 0-0 11. e4 Nh6 12. Bxh6 gxh6 13. a3 Be7 14. g3 Nc6 15. Kg2 Bg4 16. Nbd4 Nxd4 17. Nxd4 Rad8 18. Nb3 f6 19. h3 Bd1 20. Rxd1 Rxd1 21. c5 fxe5 22. Bc4+ 1-0